000
00282nam a22001337a 4500
008
170628b xxu||||| |||| 00| 0 eng d
020
_a
9780199536191
041
_a
eng
080
_a
82
100
_a
21
101
_a
GJL
245
_a
FOUR MAJOR PLAYS
_c
IBSEN,H
942
_2
udc
_c
BK
999
_c
19404
_d
19404